[Event "18th Reykjavik op"]
[Site "Reykjavik ISL"]
[Date "1998.03.17"]
[Round "8.7"]
[White "Ivanov, Mikhail M."]
[Black "Rausis, Igors"]
[Result "0-1"]
[WhiteElo "2440"]
[BlackElo "2520"]
[EventDate "1998.03.10"]
[PlyCount "82"]

1.c4 e5 2.Nc3 Nf6 3.Nf3 Nc6 4.d4 exd4 5.Nxd4 Bb4 6.Bg5 h6 7.Bh4 Bxc3+ {
Nach meiner Meinung ist das die beste M@te glichkeit fuer Schwarz. Wenn er
5...ib4 gespielt hat, ist dieser Tausch logisch. Nach 7...0-0 kommt 8.i 
c1. Das ist natuerlich spielbar fuer Schwarz, aber Wei@rz, hat keine 
Bauernschwaechen am Damenfluegel. Ribli.} 8.bxc3 Ne5 9.f3 {Mit diesem Zug 
m@ chte Wei@m sein Laeuferpaar auf dem Brett halten und nach 9...i g6 
10.if2 spielen. Anderseits sichert der Zug 9.f3 dem Wei@rt en das Feld e4.
} ( 9.e3 d6 ( 9...O-O 10.Nb5 d6 11.Bxf6 Qxf6 12.Nxc7 Nf3+ 13.Ke2 Bg4 14.
Nd5 Ne5+ 15.Ke1 Qd8 16.Qd4 Qa5 17.Be2 Be6 18.Ne7+ Kh8 19.f4 Rfe8 20.fxe5 
dxe5 21.Qh4 Qd8 $15 {Alterman,B-Huebner,R/Erevan olm 1996/E-E (65)} ) 10.
Be2 Ng6 11.Bg3 Ne4 12.Qc2 Qe7 13.Bf3 Nxg3 14.hxg3 Ne5 15.Rb1 c6 16.Be2 g6 
17.Qd2 h5 18.Rd1 O-O 19.e4 Kg7 20.Nc2 f5 21.Qxd6 Qxd6 22.Rxd6 fxe4 23.Ne3 
Nd7 24.g4 hxg4 25.Nxg4 Nc5 $15 {Degerman,L-Chernin,A/26th Rilton Cup, 
Stockholm SWE 1997/0-1 (45)} ) 9...O-O ( 9...Nxc4 10.Nf5 $5 ( 10.e4 Ne5 
11.f4 ( 11.Nf5 O-O $15 ) 11...Ng6 $15 ) 10...O-O 11.Qd4 $13 {[%csl 
Rc4,Gd4,Gf5,Rg8,Gh4] Wei@d4,Gf5,Rg8,Gh4] droht, 12.i xh6 zu spielen. Die 
Abwesenheit des schwarzfeldrigen Laeufers des Nachziehenden ist spuerbar.}
) 10.e4 d6 {In dieser Stellung mu@lung Schwarz das Endspiel anstreben, 
waehrend Wei@end die Stellung fuer sein Laeuferpaar zu @ ffnen versucht.} 
( 10...Ng6 11.Bf2 Re8 12.Qd2 c6 13.Be2 d5 14.exd5 cxd5 15.O-O dxc4 16.Bxc4
Qc7 17.Bb3 Bd7 18.Rfe1 Rac8 19.Rxe8+ Nxe8 20.Ne2 b6 21.Bd4 Bb5 22.Re1 Bc4 
{E-E Gasthofer,V-Sotnikov,I/Komercni Banka op 1997} ) 11.Bf2 $6 {Es ist 
nicht logisch, da@sch, Wei@ch, die Fesselung auf der Diagonale h4-d8 
aufhebt. Besser waere, zunaechst den K@ nigsfluegel zu entwickeln und erst
nach 11...i g6 12.if2 (12.ig3) zu spielen.} ( 11.Be2 $5 ) ( 11.f4 $6 Ng6 
12.Bxf6 Qxf6 13.g3 c5 14.Nb5 ( 14.Ne2 Bg4 $17 ) 14...a6 15.Nxd6 ( 15.Nc7 
Qxc3+ $17 ) 15...Rd8 {[%cal Rd8d1]} 16.e5 Nxe5 17.fxe5 Qxe5+ $19 ) 11...
Nfd7 $15 {Der Springer ist von der Fesselung befreit und strebt zum 
Damenfluegel.} 12.Be2 ( 12.f4 Ng6 $15 {[%csl Re1,Re4,Rf4]} ) 12...Nb6 {
Wei@fluegel. entfaltet keine Initiative am K@tiative nigsfluegel, waehrend
Schwarz bereits konkretes Spiel gegen die wei@ en Bauernschwaechen am 
Damenfluegel hat.} 13.Qb3 {Die Dame steht nicht gut auf b3, aber anders 
kann Wei@s nicht den Bauern c4 halten.} ( 13.c5 dxc5 14.Nb5 Qe7 $17 ) 
13...c5 14.Nc2 ( 14.Nb5 Be6 {[%csl Rc4][%cal Gb6c4,Ge5c4,Ge6c4]} ) 14...f5
$5 15.exf5 ( 15.O-O fxe4 ( 15...f4 {[%csl Ge5]} ) ( 15...Be6 ) 16.fxe4 Qg5
17.Be3 Qg6 18.Rxf8+ Kxf8 $15 ) 15...Bxf5 16.Rd1 ( 16.Ne3 Be6 $15 ( 16...
Bd3 $15 ) ( 16...Nd3+ 17.Bxd3 Bxd3 18.Rd1 ) ) 16...Bxc2 17.Qxc2 Qg5 $36 {
[%csl Ge5,Gg5][%cal Ga8e8,Ge8e1] Die schwarze Stellung ist viel aktiver. 
Es ist interessant, da@ressant, das wei@essant, e Laeuferpaar keine Rolle 
spielt.} ( 17...Nexc4 18.Bxc5 $13 ( 18.Bxc4+ $2 Nxc4 19.Qb3 Qe7+ 20.Kf1 
Qf7 $17 ) ( 18.Qb3 Qe7 $17 ) ) 18.O-O {Das ist die beste M@te glichkeit 
fuer Wei@keit . Er opfert einen Bauern und beendet die Entwicklung.} 18...
Nxf3+ 19.Bxf3 Rxf3 20.Bg3 ( 20.Rxd6 Raf8 $15 {[%csl Rc3,Rc4,Rf1,Rf2][%cal 
Gf8f1]} ) 20...Rxf1+ 21.Rxf1 Nxc4 $17 {Schwarz hat die viel bessere 
Bauernstruktur und zwei Mehrbauern.} 22.Qb3 {[%csl Gb3][%cal Rb3b7,Rb3g8]}
22...Qe3+ 23.Bf2 Qe4 {[%csl Gc4,Ge4] Alles ist verteidigt, Wei@idigt, hat 
keine Kompensation fuer das geopferte Material.} 24.Re1 Qd5 25.Rd1 Qf7 ( 
25...Qe4 26.Rxd6 ( 26.Re1 ) ) 26.Bg3 Rf8 27.h3 ( 27.Bxd6 $2 Qf2+ 28.Kh1 
Qf1+ 29.Rxf1 Rxf1# ) 27...d5 28.Qb5 b6 {Die wei@ial. e Dame ist relativ 
wirksam, aber fuer die Rettung der Partie reicht das nicht.} 29.Qc6 Ne3 {
[%csl Ge3]} 30.Re1 d4 31.cxd4 cxd4 {[%csl Gd4,Ge3] Schwarz hat deutlichen 
Vorteil. Der e3-Springer, unterstuetzt vom Bauern d4, ist besonders stark.
} 32.Qd6 Qxa2 {[%cal Ra2g2] Das ist der dritte Mehrbauer fuer Schwarz und 
es droht matt auf g2.} 33.Qc6 a5 ( 33...Qd5 34.Qxd5+ Nxd5 35.Rd1 {Mit 
gutem Spiel mu@l Schwarz gewinnen, aber Weiss hat kleine praktische 
Rettungschancen.} ) 34.Bd6 Qf2+ 35.Kh2 Ng4+ $1 $19 ( 35...Qxe1 36.Bxf8 
Kxf8 37.Qd6+ Kf7 38.Qd7+ Kf6 39.Qxd4+ {Wei@ngschancen. hat Chancen auf 
Dauerschach. Die Partiefortsetzung ist konsequenter.} ) 36.hxg4 Qh4+ {
Alles kommt mit Schach.} 37.Kg1 Qxe1+ 38.Kh2 {Schwarz hat entscheidenden 
Vorteil, aber in Zeitnot er gibt ein paar Schachs.} 38...Qh4+ 39.Kg1 Qe1+ 
40.Kh2 Qh4+ 41.Kg1 Qf6 {und Wei@hs. gab in verlorener Stellung auf.} ( 
41...Qe1+ {Nach diesem Zug kann Wei@m die dreimalige Stellungswiederholung
reklamieren - wir haben dieselbe Stellung nach 37...i e1, 39...i e1 und 
jetzt nach 41...i e1. Ribli.} ) ( 41...Qf6 42.Qc4+ ( 42.Qd5+ Rf7 ) 42...
Rf7 $19 ) 0-1

[Event "18th Reykjavik op"]
[Site "Reykjavik ISL"]
[Date "1998.03.17"]
[Round "8.8"]
[White "Davies, Nigel"]
[Black "Cicak, Slavko"]
[Result "1-0"]
[WhiteElo "2515"]
[BlackElo "2480"]
[EventDate "1998.03.10"]
[PlyCount "59"]

1.g3 d6 2.d4 g6 3.Bg2 Bg7 4.e4 c5 5.d5 Nf6 6.Nc3 Na6 7.Nf3 O-O 8.O-O Nc7 
9.a4 b6 10.Re1 Bb7 11.Bf4 a6 12.Qd3 Nh5 13.Bd2 e5 14.Rab1 a5 15.Qe2 Bf6 
16.Bh6 Ng7 17.Qd1 Be7 18.Nd2 Bc8 19.Nc4 Rb8 20.Qd2 f5 21.f4 exf4 22.e5 
fxg3 23.hxg3 Nce8 24.Nb5 dxe5 25.d6 Bf6 26.Nxe5 Bxe5 27.Rxe5 Bd7 28.Re7 f4
29.Bd5+ Kh8 30.Qc3 1-0

[Event "18th Reykjavik op"]
[Site "Reykjavik ISL"]
[Date "1998.03.17"]
[Round "8.9"]
[White "Hillarp Persson, Tiger"]
[Black "Olafsson, Helgi"]
[Result "1/2-1/2"]
[WhiteElo "2410"]
[BlackElo "2505"]
[EventDate "1998.03.10"]
[PlyCount "55"]

1.d4 d5 2.c4 e6 3.Nc3 Be7 4.Nf3 Nf6 5.Bg5 h6 6.Bxf6 Bxf6 7.e3 O-O 8.Qd2 
Nc6 9.Rc1 a6 10.Be2 dxc4 11.Bxc4 e5 12.d5 Ne7 13.Ne4 Nf5 14.Be2 Nd6 15.
Nxf6+ Qxf6 16.Rxc7 e4 17.Nd4 Qg5 18.g3 Bh3 19.Qb4 Rad8 20.Rc5 Rfe8 21.Bf1 
Qh5 22.Be2 Qe5 23.Qb6 Rd7 24.Bf1 Bxf1 25.Kxf1 Nc8 26.Qb3 Ne7 27.Kg2 Nxd5 
28.Rhc1 1/2-1/2

[Event "18th Reykjavik op"]
[Site "Reykjavik ISL"]
[Date "1998.03.17"]
[Round "8.10"]
[White "Gunnarsson, Jon Viktor"]
[Black "Hector, Jonny"]
[Result "1/2-1/2"]
[WhiteElo "2390"]
[BlackElo "2505"]
[EventDate "1998.03.10"]
[PlyCount "85"]

1.e4 e5 2.Nf3 Nc6 3.Bc4 Nf6 4.d3 Bc5 5.c3 a6 6.Bb3 Ba7 7.O-O O-O 8.Nbd2 d6
9.Nc4 Ne7 10.Nh4 Bg4 11.Qe1 Be6 12.Be3 c5 13.Bg5 Ne8 14.Bxe7 Qxe7 15.Nf5 
Qd7 16.Nce3 g6 17.Ng3 f5 18.exf5 gxf5 19.f4 Ng7 20.Bxe6+ Qxe6 21.c4 exf4 
22.Rxf4 Rae8 23.Nc2 Qe5 24.Qf2 Bb8 25.Re1 Qxb2 26.Rxe8 Rxe8 27.Nxf5 Qc1+ 
28.Qf1 Qxf1+ 29.Kxf1 Nxf5 30.Rxf5 b5 31.a3 bxc4 32.dxc4 Re4 33.Kf2 Rxc4 
34.Ne3 Re4 35.Kf3 Re6 36.Nd5 Ba7 37.g4 c4 38.Rf4 Re5 39.Nf6+ Kg7 40.Nh5+ 
Kg8 41.Nf6+ Kg7 42.Nh5+ Kg8 43.Nf6+ 1/2-1/2

[Event "18th Reykjavik op"]
[Site "Reykjavik ISL"]
[Date "1998.03.17"]
[Round "8.11"]
[White "Miles, Richard"]
[Black "Jonsson, Bjorgvin"]
[Result "1-0"]
[WhiteElo "2595"]
[BlackElo "2380"]
[EventDate "1998.03.10"]
[PlyCount "129"]

1.d4 Nf6 2.Nf3 e6 3.c3 b6 4.Bg5 Bb7 5.Nbd2 Be7 6.e3 h6 7.Bh4 O-O 8.Bd3 d5 
9.Ne5 Nbd7 10.f4 c5 11.O-O Rc8 12.f5 exf5 13.Bxf5 Nxe5 14.dxe5 Nd7 15.Bg3 
Rc6 16.Qg4 Bc8 17.Rad1 Nb8 18.Nf3 Rg6 19.Qh5 Bxf5 20.Qxf5 Nc6 21.c4 d4 22.
Kh1 Re6 23.Bf2 d3 24.Bg3 Nb4 25.a3 g6 26.Qg4 h5 27.Qf4 Nc6 28.Qe4 f5 29.
Qxd3 Qxd3 30.Rxd3 Rd8 31.Rd5 Re8 32.h4 Bd8 33.Bf4 Bc7 34.Ng5 R6e7 35.e6 
Bxf4 36.Rxf4 Nd8 37.e4 Nxe6 38.Nxe6 Rxe6 39.exf5 Rf6 40.Kh2 Re2 41.b4 cxb4
42.axb4 gxf5 43.Rdxf5 Rg6 44.Rf8+ Kh7 45.R4f7+ Rg7 46.Rxg7+ Kxg7 47.Rf4 
Rd2 48.b5 Rd3 49.g3 a5 50.bxa6 Ra3 51.Rf5 Kg6 52.Rg5+ Kh6 53.Rb5 Rxa6 54.
Kg2 Kg6 55.Kf3 Kh6 56.Kf4 Kg6 57.Ke4 Kh6 58.Kf5 Ra5 59.Rxa5 bxa5 60.c5 a4 
61.c6 a3 62.c7 a2 63.c8=Q a1=Q 64.Qf8+ Kh7 65.Qf7+ 1-0

[Event "18th Reykjavik op"]
[Site "Reykjavik ISL"]
[Date "1998.03.17"]
[Round "8.12"]
[White "Kindermann, Stefan"]
[Black "Vidarsson, Jon"]
[Result "1-0"]
[WhiteElo "2565"]
[BlackElo "2380"]
[EventDate "1998.03.10"]
[PlyCount "89"]

1.e4 c5 2.Nf3 e6 3.d4 cxd4 4.Nxd4 Qb6 5.Nb3 Qc7 6.Nc3 a6 7.Bd3 Nf6 8.O-O 
Be7 9.f4 d6 10.a4 Nc6 11.Be3 Nb4 12.a5 Nd7 13.Qd2 Nxd3 14.cxd3 O-O 15.Rac1
Qd8 16.Na4 Nf6 17.Nb6 Rb8 18.h3 Bd7 19.Nd4 Be8 20.Rc2 Bd7 21.Rfc1 Qe8 22.
Qc3 Bd8 23.Qb4 Be7 24.Qb3 Bd8 25.Rc3 Kh8 26.Qc2 h6 27.b4 Ng8 28.Nxd7 Qxd7 
29.f5 e5 30.Nf3 Qb5 31.Qb3 b6 32.Rc6 bxa5 33.Rxd6 axb4 34.Rc5 Qb7 35.Nxe5 
Be7 36.Rd7 Bxc5 37.Bxc5 Qb5 38.Bxf8 Qxe5 39.Qxf7 Qa1+ 40.Kf2 Rxf8 41.Qxf8 
b3 42.f6 Qb2+ 43.Kf3 Qxf6+ 44.Qxf6 Nxf6 45.Rb7 1-0

[Event "18th Reykjavik op"]
[Site "Reykjavik ISL"]
[Date "1998.03.17"]
[Round "8.13"]
[White "Mortensen, Erling"]
[Black "Olsen, Heini"]
[Result "0-1"]
[WhiteElo "2510"]
[BlackElo "2270"]
[EventDate "1998.03.10"]
[PlyCount "104"]

1.e4 e5 2.Nf3 Nc6 3.Bb5 a6 4.Ba4 Nf6 5.d3 b5 6.Bb3 Be7 7.O-O O-O 8.Re1 d6 
9.c3 Na5 10.Bc2 c5 11.Nbd2 Nc6 12.Nf1 h6 13.Ne3 Re8 14.d4 Bf8 15.d5 Ne7 
16.a4 Bd7 17.Nh4 Kh8 18.Rf1 Neg8 19.Nhf5 g6 20.Ng3 Bg7 21.f4 exf4 22.Rxf4 
Qe7 23.Qf1 Rf8 24.Nh1 Rae8 25.Nf2 Nh5 26.Rf3 Nhf6 27.Bd2 Nh7 28.Ned1 Qh4 
29.axb5 Be5 30.h3 Ng5 31.Bxg5 hxg5 32.Ne3 axb5 33.Ra7 Re7 34.Nfg4 Bxg4 35.
Rxe7 Bxf3 36.Rxe5 dxe5 37.Qxf3 Qf4 38.Qe2 Nf6 39.Nf1 c4 40.Qe1 g4 41.g3 
Qh6 42.h4 Rb8 43.Qf2 Kg7 44.Qa7 Qh8 45.Qc7 Qe8 46.Ne3 Ra8 47.d6 Qd7 48.
Qxd7 Nxd7 49.Bd1 Ra6 50.Bxg4 Rxd6 51.Bxd7 Rxd7 52.Nd5 f5 0-1

[Event "18th Reykjavik op"]
[Site "Reykjavik ISL"]
[Date "1998.03.17"]
[Round "8.14"]
[White "Bjornsson, Tomas"]
[Black "Thorhallsson, Throestur"]
[Result "0-1"]
[WhiteElo "2235"]
[BlackElo "2480"]
[EventDate "1998.03.10"]
[PlyCount "174"]

1.e4 c5 2.Nf3 Nc6 3.Nc3 g6 4.d4 cxd4 5.Nxd4 Bg7 6.Be3 d6 7.Qd2 Nf6 8.f3 
O-O 9.O-O-O Qa5 10.Bc4 Bd7 11.h4 Ne5 12.Bb3 Rfc8 13.h5 Nxh5 14.Nd5 Qxd2+ 
15.Rxd2 Kf8 16.g4 Nf6 {Die schwarzen Chancen in dieser Variante sind 
ziemlich gering.} 17.Nxf6 ( 17.Rdh2 Nxd5 18.Bxd5 Nc6 19.Nxc6 bxc6 20.Bc4 
$16 {1-0 Nunn,J-Ward,C/Hastings Premier 9798 1998/CBM 63 (35)} ) 17...Bxf6
18.Rxh7 e6 19.g5 Bg7 20.Rdh2 a5 21.a3 b5 22.Kd2 ( 22.Kb1 ) 22...Rab8 23.
R2h4 a4 ( {$140 24.f4} ) 24.Ba2 b4 25.f4 bxa3 ( 25...Nc4+ $4 26.Bxc4 Rxc4 
27.Rh8+ $18 ) 26.b3 ( 26.bxa3 Rb2 27.fxe5 dxe5 28.Rh8+ Ke7 ( 28...Bxh8 $2 
29.Rxh8+ Ke7 30.Rxc8 Bxc8 31.Nc6+ Kd6 32.Nb4 $18 ) 29.Rxc8 exd4 30.Rg8 
dxe3+ 31.Kxe3 Be5 32.Bc4 Rxc2 33.Bd3 Rc3 34.Kd2 Rxa3 $19 ) 26...axb3 27.
Bxb3 Rxb3 28.cxb3 Nf3+ 29.Nxf3 a2 30.Rh1 Bc3+ 31.Ke2 a1=Q 32.Rxa1 Bxa1 33.
Bd4 Bxd4 34.Nxd4 Kg8 35.Rh1 $2 {Verliert einen Bauern.} ( 35.Rh4 $142 {
[%cal Gh4g4,Yd7g4]} ) 35...e5 36.fxe5 dxe5 37.Nf3 Bg4 38.Kf2 Bxf3 39.Kxf3 
Rc3+ 40.Kf2 Rxb3 41.Rd1 Rb8 42.Rd5 Re8 43.Kf3 Re6 44.Rd8+ Kg7 45.Ke3 f5 
46.gxf6+ Kxf6 47.Rd1 Kg5 48.Rg1+ Kh4 49.Rh1+ Kg4 50.Rg1+ Kh3 51.Kf3 Rf6+ 
52.Ke3 Ra6 53.Rg5 Re6 54.Rg1 Kh4 55.Rh1+ Kg5 56.Rg1+ Kh6 57.Rh1+ Kg7 58.
Rf1 Rb6 59.Rg1 Rb3+ 60.Ke2 Kh6 61.Rd1 Kg5 62.Rg1+ Kh5 63.Rd1 Kg4 64.Rg1+ 
Rg3 65.Rf1 Kg5 66.Rf8 Rh3 67.Rf1 Rh4 68.Ke3 Kh5 69.Rf6 Rh3+ 70.Ke2 Ra3 71.
Rf1 g5 72.Rh1+ Kg4 73.Rf1 Kh4 74.Rh1+ Kg3 75.Rf1 g4 76.Rf5 Ra5 77.Rf8 Ra2+
78.Ke3 Kh2 79.Rh8+ Kg2 80.Rh5 Ra5 81.Rg5 g3 82.Rh5 Kf1 83.Rf5+ Kg1 84.Rh5 
g2 85.Ke2 Rb5 86.Rh8 Rb2+ 87.Ke1 Rf2 0-1

[Event "18th Reykjavik op"]
[Site "Reykjavik ISL"]
[Date "1998.03.17"]
[Round "8.15"]
[White "Karason, Askell Oern"]
[Black "Nijboer, Friso"]
[Result "1/2-1/2"]
[WhiteElo "2260"]
[BlackElo "2580"]
[EventDate "1998.03.10"]
[PlyCount "76"]

1.d4 Nf6 2.c4 g6 3.Nc3 Bg7 4.e4 d6 5.Be2 O-O 6.Bg5 Nbd7 {both} ( 6...Na6 )
( 6...c5 {are ment to better from theoretical point of view.} ) 7.Qd2 c6 
8.Nf3 d5 {Now Black wants to play against the isolated i on d4. However, 
White has a strong pressure in the centre and the i.} 9.exd5 cxd5 10.O-O 
dxc4 ( 10...a6 {- Gelfand-Svidler, Koop Tjuchem 1996 CBM 57} ) 11.Bxc4 a6 
( 11...Nb6 12.Bb3 Bf5 ( 12...Nbd5 13.Rfe1 Be6 14.Bh6 {Exchanging the 
defensive i on the i.} 14...Nxc3 {Black gives up his blockade on d5, after
which White's position is much better.} 15.bxc3 Bd5 16.Bxg7 Kxg7 17.Ne5 b5
18.Re3 $1 {with attacking chances on the i.} 18...Rc8 19.Rae1 e6 20.Rh3 
$16 {Rashkovsky-Kupreichik, Vilnius (ch) 1980} ) 13.Rfe1 Rc8 {
(I.Farago-Martinovic, St.Ingbert 1991)} 14.Ne5 $1 $14 ) 12.a4 ( 12.Rfe1 b5
13.Bb3 ( 13.Bd5 Ra7 14.Bc6 Nb8 $1 ( 14...Nb6 15.d5 b4 16.Bxf6 Bxf6 17.Ne4 
Bg7 18.Rac1 {White has a big space advantage.} 18...a5 19.a3 $14 {
Rashkovsky-Kupreichik, Minsk 1987} ) 15.Ne5 $2 {falls into the devilish 
trap:} ( 15.d5 $142 ) 15...Nh5 $1 16.Bf3 f6 17.Bxh5 fxe5 $19 {
Se.Ivanov-Svidler, Elista (ch) 1995} ) 13...Bb7 14.Rad1 Nb6 15.Qe2 b4 16.
Bxf6 Bxf6 17.Ne4 Bxe4 18.Qxe4 a5 $11 {S.Mohr-Gelfand, Debrecen 1989} ) ( 
12.a3 b5 ( 12...Nb6 13.Ba2 Nbd5 14.Nxd5 Nxd5 15.Bxd5 Qxd5 16.Bxe7 Re8 17.
Bc5 Bg4 18.Qf4 Re4 $44 {L.Portisch-Torre, Indonesia 1983} ) 13.Ba2 Bb7 14.
d5 $142 ( 14.Ne5 Rc8 15.Rad1 Nb6 $13 {Norri-Svidler, Yerevan (ol) 1996} ) 
14...Nb6 15.Rad1 Rc8 16.Rfe1 Nc4 17.Bxc4 Rxc4 18.Ne5 $14 ) 12...b6 $6 {
This leaves the i on the d7, which is not a very promising square for him.
} ( 12...Nb6 $142 13.Bb3 Bf5 ( 13...Qd6 $6 14.a5 $1 Nbd5 ( 14...Qb4 $2 15.
Qd1 Nbd7 16.Re1 Qd6 17.Bh4 $16 {Lukacs-Vukic, Tuzla 1981} ) 15.Rfe1 Be6 
16.Na4 Rad8 17.Nc5 $14 ) 14.Rfe1 Rc8 15.Rac1 {1/2 W.Schmidt-M.Pavlov, 
Baile Herculane (zt) 1982} ) 13.Rfe1 ( 13.Bd5 $5 Ra7 14.Rfe1 ) 13...Bb7 
14.Qe2 ( 14.d5 $5 ) 14...h6 15.Bh4 e6 16.Rac1 {The i belongs to d1.} ( 16.
Ne5 $142 Re8 17.Rad1 $14 ) 16...Re8 17.Ne5 Qe7 18.Red1 Qb4 19.Bg3 Nf8 20.
h3 Rec8 21.b3 $5 ( 21.Ba2 ) 21...Bd5 $6 {This is too risky.} ( 21...Nd5 $6
22.Qf3 $1 ) ( 21...Qe7 $142 $14 {still holds the game.} ) 22.Nxd5 exd5 23.
Bxa6 Rxc1 24.Rxc1 Ne6 25.Bb7 $1 ( 25.Nxg6 {is not enough for an advantage:
} 25...Rxa6 ( 25...Nxd4 26.Qe7 $1 Qxe7 ( 26...Qd2 27.Bf4 $1 ) ( 26...Qxb3 
27.Rc7 ) 27.Nxe7+ Kf8 ( 27...Kh8 28.Rd1 $16 ) 28.Bd6 $16 ) 26.Qxa6 ( 26.
Rc8+ Kh7 ) 26...fxg6 ) 25...Re8 ( 25...Nxd4 26.Qd1 ( 26.Qe1 Qxe1+ 27.Rxe1 
Re8 ) 26...Re8 ( 26...Rb8 $2 27.Nd3 $18 ) 27.Nc6 Nxc6 28.Bxc6 Rc8 ) 26.Qd1
Qxd4 $6 ( 26...Nxd4 27.Nc6 Nxc6 28.Bxc6 Rc8 {was better} ) 27.Nf3 Qxd1+ 
28.Rxd1 Rd8 ( 28...Bf8 29.Be5 $16 ( 29.Bxd5 $2 Rd8 ) ) 29.b4 ( {After} 29.
Be5 $14 {White still has the small advantage in the i due to his i, and 
the possibility of making remote i.} ) 29...Bf8 30.Rb1 ( 30.b5 Bc5 ) 30...
Ne4 31.Be5 N6g5 32.Nxg5 hxg5 33.Bd4 $2 ( 33.a5 $1 {Creates a remote i just
in time:} 33...bxa5 34.bxa5 Bc5 35.a6 {White has to sacrifice the 
unimportant i f2, but his a6 i is very dangerous:} 35...Nxf2 ( 35...Bxf2+ 
36.Kh2 $16 ) 36.Kh2 Nd3 37.Bc7 Re8 38.Bb6 Bd6+ 39.Kh1 Bc5 40.Bxd5 $16 ) 
33...Nd2 $1 {with perpetual i on the i .} 34.Rb2 Nc4 35.Rb1 Na3 36.Rb2 ( 
36.Rb3 Nc2 ) 36...Nc4 37.Rb1 Na3 38.Rb2 Nc4 1/2-1/2

[Event "18th Reykjavik op"]
[Site "Reykjavik ISL"]
[Date "1998.03.17"]
[Round "8.17"]
[White "Schmied, Andreas"]
[Black "Djurhuus, Rune"]
[Result "0-1"]
[WhiteElo "2155"]
[BlackElo "2510"]
[EventDate "1998.03.10"]
[PlyCount "64"]

1.e4 e5 2.Nc3 Nf6 3.Bc4 Nxe4 4.Qh5 Nd6 5.Qxe5+ Qe7 6.Qxe7+ Bxe7 7.Bb3 Nc6 
8.Nd5 Bd8 9.c3 Ne5 10.Bc2 b6 11.d4 Ng6 12.Ne2 Bb7 13.Ne3 O-O 14.Bd3 f5 15.
f4 Bh4+ 16.Kf1 Rae8 17.Rg1 Be4 18.Bc2 c5 19.g3 Bf6 20.dxc5 bxc5 21.Kf2 
Bxc2 22.Nxc2 Re6 23.Re1 Rfe8 24.Ng1 Rxe1 25.Nxe1 Ne4+ 26.Kf1 Nxc3 27.Nc2 
Nd1 28.Nf3 d5 29.Ne5 Nxe5 30.fxe5 Bxe5 31.Bf4 Nxb2 32.Re1 Nc4 0-1

[Event "18th Reykjavik op"]
[Site "Reykjavik ISL"]
[Date "1998.03.17"]
[Round "8.18"]
[White "Conquest, Stuart"]
[Black "Einarsson, Einar Kristinn"]
[Result "1-0"]
[WhiteElo "2480"]
[BlackElo "2085"]
[EventDate "1998.03.10"]
[PlyCount "61"]

1.c4 e6 2.Nf3 f5 3.g3 Nf6 4.Bg2 Be7 5.O-O O-O 6.Nc3 d6 ( 6...d5 {Die 
sogenannte Stonewall-Variante der Hollaendischen Verteidigung ist 
logischer, wenn Wei@cher, schon d2-d4 gespielt hat. Ribli.} 7.d3 $5 ( 7.
cxd5 $5 {N} 7...exd5 8.e3 Kh8 9.b3 Nc6 10.Bb2 Be6 11.Ne2 Bg8 12.d3 Qd7 13.
a3 Bd6 14.Qc2 Rae8 15.b4 Ng4 16.Ned4 Nce5 17.Rac1 c6 18.Bc3 Nxf3+ 19.Nxf3 
Re7 20.Qb2 Qe8 21.Bd4 a6 22.Bc5 Rf6 23.Bxd6 Rxd6 24.Qd4 $14 {1-0 
Kasparov,G-Short,N/Paris Immopar 1990 (58)} ) 7...c6 ( 7...Kh8 $6 8.e4 $1 
{Dieser kraftvolle Zug widerlegt das schwarze Spielkonzept.} 8...d4 9.Ne2 
fxe4 10.dxe4 c5 11.e5 Ne8 12.Nf4 Nc6 13.h4 $16 {Wei@konzept. besitzt eine 
starke Initiative. Stohl,I-Keitlinhaus,L/Prague Chip/ 1992/CBM27/INF53,08/
} ) 8.e4 $1 dxe4 9.dxe4 Qxd1 10.Rxd1 Nbd7 11.Nd4 Nb6 12.exf5 exf5 13.b3 
Bd7 14.h3 Rae8 15.Be3 $14 {Ribli,Z-Ivankovic,Dalmatien Cup,1998,Hvar} ) 7.
b4 $5 {Wei@F spielt noch nicht 7.d2-d4 oder 7.d2-d3, sondern gewinnt 
zunaechst Raum am Damenfluegel.} ( 7.d3 c5 ( 7...Qe8 8.b4 Qh5 9.e3 e5 10.
Nd2 $1 $14 {Bern,I-Kacheishvili,G/Gausdal Troll/1992/EXP28/} ) 8.a3 Nc6 9.
Rb1 a5 10.d4 $1 Ne4 11.d5 Nxc3 12.bxc3 exd5 13.cxd5 Nb8 14.Ne1 Na6 15.c4 
Nc7 16.Nd3 Bf6 17.Bf4 Ne8 18.h4 $1 $16 {1-0 Zvjaginsev,V-Comas 
Fabrego,L/Pamplona 1995 (23)} ) ( 7.d4 {i A96} ) 7...a5 {Dieser Zug 
gefaellt mir nicht, denn er gibt Wei@, freie Hand am Damenfluegel.} ( 7...
e5 $5 8.Bb2 e4 9.Nd4 Nc6 10.Nxc6 bxc6 11.d3 d5 12.dxe4 fxe4 13.Qb3 Kh8 14.
Rad1 Rb8 15.a3 a5 16.cxd5 axb4 17.dxc6 Qe8 18.Nd5 Be6 19.Bxf6 Rxf6 20.Nxf6
Bxf6 21.Qe3 b3 22.Bxe4 b2 23.Qf4 $16 {1-0 Gufeld,E-Sax,G/Debrecen 1969 
(54)} ) 8.b5 $14 {Mit der Unterstuetzung des Laeufers von g2 hat Wei@ers 
dauerhafte Initiative am Damenfluegel.} 8...e5 9.Bb2 Qe8 {[%cal Ge8h5] Das
ist ein typischer schwarzer Plan. Die Dame zielt nach h5.} ( 9...Nbd7 10.
d3 $14 ( 10.Nd5 Nxd5 11.cxd5 Nc5 12.d4 exd4 13.Nxd4 $14 ) ) 10.Rc1 Qh5 {
Die schwarze Dame steht scheinbar aktiv auf h5, fehlt aber zur 
Verteidigung des Damenfluegels, was vorteilhaft fuer Wei@ilhaft ist.} 11.
Nd5 $1 ( 11.d3 ) 11...Nxd5 $6 ( 11...Bd8 12.Nxf6+ Bxf6 13.c5 $14 ) 12.cxd5
{[%csl Rc7][%cal Rc1c7]} 12...Bd8 13.b6 c5 $6 {Schwarz m@warz chte sich 
vom schwachen c7-Bauern befreien, aber der Textzug fuehrt zu neuen 
Felderschwaechen am Damenfluegel.} ( 13...Rf7 ) ( 13...Na6 ) 14.dxc6 Nxc6 
15.d4 e4 ( 15...Bf6 16.dxe5 dxe5 17.Nxe5 Bxe5 ( 17...Nxe5 18.Bxe5 Bxe5 19.
Qd5+ Qf7 20.Qxe5 $16 Qxa2 $2 21.Bd5+ $18 ) 18.Qd5+ Qf7 19.Bxe5 Be6 20.Qc5 
Nxe5 21.Qxe5 Bxa2 22.Rc7 $16 ) 16.d5 $1 Nb4 ( 16...exf3 17.Bxf3 $16 {[%cal
Rf3h5,Rd5c6]} ) 17.Nd4 Bxb6 ( 17...Nxd5 18.Nb5 $44 {[%csl Rd5,Rd6]} ) ( 
17...Nxa2 18.Ra1 ( 18.Rxc8 Rxc8 19.Qa4 Nc3 $17 ( 19...Nb4 20.Qxa5 Nc2 $17 
) ) 18...Nb4 19.Nb5 $44 ) 18.Qb3 $44 {Der wei@F e Minusbauer wird durch 
die aktive Figurenstellung kompensiert.} 18...f4 ( 18...Bxd4 19.Bxd4 {
[%csl Gd4] Nach diesem Tausch bekommt Schwarz Probleme auf den schwarzen 
Feldern.} 19...Qxe2 20.a3 Nd3 21.Rc7 {[%csl Gc7,Gd4,Rg7,Rg8]} 21...Rf7 22.
Qb5 $44 ( 22.Qb6 $44 ) ) 19.a3 Bxd4 20.Bxd4 f3 ( 20...Na6 21.Bxe4 Qxe2 22.
Rfe1 $36 {[%csl Gd4,Ge4]} ) 21.exf3 exf3 22.Rc7 {[%csl Rg8][%cal Rc7g7]} 
22...Rf7 23.Rxf7 Qxf7 ( 23...Kxf7 $2 24.Bxf3 Bg4 25.Bxg4 Qxg4 26.f4 $18 {
[%csl Rb4]} ) 24.Bxf3 {Wei@] besitzt das Laeuferpaar und gutes 
Figurenspiel, waehrend Schwarz mit Entwicklungsproblemen am Damenfluegel 
zu kaempfen hat.} 24...a4 $6 ( 24...Na6 25.Re1 ) 25.Qd1 Nxd5 ( 25...Na6 
26.Re1 $36 ( 26.Qxa4 $2 Qxf3 27.Qe8+ Qf8 $19 ) ) 26.Bxg7 $16 {Nach diesem 
Zug steht der schwarze K@warze nig allein in Sturm.} 26...Kxg7 27.Bxd5 Be6
( 27...Qf6 28.Re1 $16 {[%csl Gd5,Ge1,Rg7]} ) 28.Bxe6 Qxe6 29.Re1 {[%csl 
Gd1,Ge1,Rg7]} 29...Qf6 30.Re4 {[%cal Re4a4,Re4g4,Rg4g7]} 30...Ra5 $6 ( 
30...b5 31.Rf4 $16 ) 31.Qg4+ $18 {Und Schwarz gab in verlorener Stellung 
auf.} ( 31.Rxa4 Rxa4 32.Qxa4 $16 {Wei@e1,Rg7] hat einen Mehrbauern, aber 
im Damenendspiel ergeben sich immer Gegenchancen fuer den Verteidiger. 
Ribli.} ) ( 31.Qg4+ Kh6 ( 31...Kh8 32.Re8+ $18 ) ( 31...Kf7 32.Qd7+ Kg6 ( 
32...Kf8 33.Re8# ) 33.Re6 $18 ) ( 31...Qg6 32.Qd7+ Kf8 33.Rf4+ Kg8 34.Qd8+
{[%cal Rd8a5,Rd8g8]} 34...Kg7 35.Qf8# ) ( 31...Kf8 32.Rf4 $18 ) ( 31...Rg5
32.Qd7+ $18 ) 32.Re6 $18 ) 1-0